[Event "SLO-ch U14"]
[Site "Rogaska Slatina"]
[Date "2010.02.24"]
[Round "7"]
[White "Povse, Martin Zan"]
[Black "Banevec, Jernej"]
[Result "0-1"]
[WhiteElo "1562"]
[BlackElo "1569"]
[PlyCount "64"]
[EventDate "2010.02.21"]
[EventType "swiss"]
[EventRounds "9"]
[EventCountry "SLO"]
[SourceTitle "EXT 2015"]
[Source "ChessBase"]
[SourceDate "2014.11.20"]
[SourceVersion "1"]
[SourceVersionDate "2014.11.20"]
[SourceQuality "1"]

1. e4 d5 2. exd5 Qxd5 3. Nc3 Qa5 4. Nf3 Nf6 5. Be2 Bf5 6. a3 e6 7. 0-0 c6 8. Re1 Nbd7 9. d4 Bd6 10. Ra2 0-0 11. b4 Qc7 12. Bb2 Rfe8 13. h3 a6 14. Bd3 Bxd3 15. Qxd3 Rad8 16. Ne4 Nxe4 17. Rxe4 Nf6 18. Rh4 h6 19. c4 e5 20. c5 e4 21. cxd6 Qxd6 22. Qd2 exf3 23. gxf3 Qd5 24. Ra1 Qxf3 25. Re1 Rxe1+ 26. Qxe1 Re8 27. Qc1 Re2 28. Rf4 Qxh3 29. Qb1 Ng4 30. Rxf7 Qh2+ 31. Kf1 Rxf2+ 32. Ke1 Qg1# 0-1

[Event "SLO-ch U14"]
[Site "Rogaska Slatina"]
[Date "2009.02.27"]
[Round "9"]
[White "Copi, Ambroz"]
[Black "Banevec, Jernej"]
[Result "1/2-1/2"]
[WhiteElo "1554"]
[BlackElo "1519"]
[PlyCount "31"]
[EventDate "2009.02.22"]
[EventType "swiss"]
[EventRounds "9"]
[EventCountry "SLO"]
[SourceTitle "CBM 129 Extra"]
[Source "ChessBase"]
[SourceDate "2009.05.05"]
[SourceVersion "2"]
[SourceVersionDate "2009.05.20"]
[SourceQuality "1"]

1. d4 d5 2. c4 e6 3. Nc3 Nf6 4. Bg5 Nbd7 5. Nf3 Be7 6. e3 0-0 7. Bd3 b6 8. 0-0 Bb7 9. Rc1 c5 10. b3 Rc8 11. cxd5 Nxd5 12. Bxe7 Qxe7 13. Nxd5 Bxd5 14. dxc5 Nxc5 15. Nd4 Qg5 16. g3 1/2-1/2

[Event "SLO-ch U14"]
[Site "Rogaska Slatina"]
[Date "2009.02.22"]
[Round "2"]
[White "Banevec, Jernej"]
[Black "Pungarcic, Tine"]
[Result "1-0"]
[WhiteElo "1519"]
[BlackElo "1520"]
[PlyCount "65"]
[EventDate "2009.02.22"]
[EventType "swiss"]
[EventRounds "9"]
[EventCountry "SLO"]
[SourceTitle "CBM 129 Extra"]
[Source "ChessBase"]
[SourceDate "2009.05.05"]
[SourceVersion "2"]
[SourceVersionDate "2009.05.20"]
[SourceQuality "1"]

1. e4 c5 2. Nf3 e6 3. d4 cxd4 4. Nxd4 a6 5. Nc3 Qc7 6. Be3 b5 7. Qd2 Nf6 8. 0-0-0 Bb7 9. f3 Nc6 10. Nxc6 Bxc6 11. Bd3 Bb4 12. a3 Be7 13. Qf2 b4 14. axb4 Bxb4 15. Na2 Be7 16. g3 Rb8 17. Bxa6 Qa5 18. Bc4 d5 19. Bd2 Qa8 20. Bb3 Rxb3 21. cxb3 Qxa2 22. Qb6 Qa8 23. Ba5 0-0 24. Bc3 dxe4 25. fxe4 Nxe4 26. Rhe1 Nxc3 27. bxc3 Qa1+ 28. Kc2 Qa2+ 29. Kd3 Rd8+ 30. Kc4 Bd5+ 31. Rxd5 exd5+ 32. Kd3 Bg5 33. Qxd8+ 1-0

[Event "SLO-ch U14"]
[Site "Rogaska Slatina"]
[Date "2009.02.22"]
[Round "1"]
[White "Kunej, Timon"]
[Black "Banevec, Jernej"]
[Result "1/2-1/2"]
[WhiteElo "1626"]
[BlackElo "1519"]
[PlyCount "34"]
[EventDate "2009.02.22"]
[EventType "swiss"]
[EventRounds "9"]
[EventCountry "SLO"]
[SourceTitle "CBM 129 Extra"]
[Source "ChessBase"]
[SourceDate "2009.05.05"]
[SourceVersion "2"]
[SourceVersionDate "2009.05.20"]
[SourceQuality "1"]

1. c4 d5 2. d4 e6 3. Nc3 Nf6 4. e3 Be7 5. Nf3 Nbd7 6. Bd3 b6 7. 0-0 0-0 8. a3 Bb7 9. b4 c5 10. bxc5 bxc5 11. Rb1 Rb8 12. Qc2 h6 13. Bd2 cxd4 14. Nxd4 Bxa3 15. Rb3 Bc5 16. Rfb1 Bb6 17. Nde2 Nc5 1/2-1/2

[Event "Nova Gorica op-B 14th"]
[Site "Nova Gorica"]
[Date "2009.02.07"]
[Round "9"]
[White "Maleckar, Slavko"]
[Black "Banevec, Jernej"]
[Result "1/2-1/2"]
[WhiteElo "1601"]
[BlackElo "1519"]
[PlyCount "36"]
[EventDate "2009.01.31"]
[EventType "swiss"]
[EventRounds "9"]
[EventCountry "SLO"]
[SourceTitle "EXT 2011"]
[Source "ChessBase"]
[SourceDate "2010.11.26"]
[SourceVersion "1"]
[SourceVersionDate "2010.11.26"]
[SourceQuality "1"]

1. d4 d5 2. c4 e6 3. Nc3 Nf6 4. Nf3 Nbd7 5. Bg5 Be7 6. e3 0-0 7. Bd3 b6 8. Qc2 Bb7 9. Bxf6 Nxf6 10. 0-0-0 h6 11. h3 c5 12. dxc5 Bxc5 13. cxd5 Nxd5 14. Nxd5 Bxd5 15. Bh7+ Kh8 16. e4 Rc8 17. Kb1 Kxh7 18. exd5+ Kh8 1/2-1/2

[Event "Nova Gorica op-B 14th"]
[Site "Nova Gorica"]
[Date "2009.02.06"]
[Round "8"]
[White "Banevec, Jernej"]
[Black "Markocic, Tine"]
[Result "1-0"]
[WhiteElo "1519"]
[BlackElo "1500"]
[PlyCount "79"]
[EventDate "2009.01.31"]
[EventType "swiss"]
[EventRounds "9"]
[EventCountry "SLO"]
[SourceTitle "EXT 2011"]
[Source "ChessBase"]
[SourceDate "2010.11.26"]
[SourceVersion "1"]
[SourceVersionDate "2010.11.26"]
[SourceQuality "1"]

1. e4 e5 2. Nf3 Nc6 3. d4 exd4 4. Bc4 h6 5. 0-0 Nf6 6. Nxd4 Nxe4 7. Re1 d5 8. Nxc6 bxc6 9. Bd3 Bf5 10. f3 Qe7 11. Nc3 Qc5+ 12. Kh1 Be7 13. fxe4 dxe4 14. Nxe4 Bxe4 15. Bxe4 0-0 16. Be3 Qe5 17. Bd4 Qf4 18. Be5 Qg5 19. Bxc7 Rac8 20. Bg3 Bf6 21. Rb1 Rcd8 22. Qf3 Rfe8 23. Qf5 Qxf5 24. Bxf5 Rxe1+ 25. Bxe1 Rd5 26. Bd3 Bd4 27. Bc3 Bf2 28. Rf1 Bc5 29. Re1 Rd8 30. Rd1 Rc8 31. Bf5 Rf8 32. a3 Bb6 33. Rd3 g6 34. Be4 Re8 35. Bxc6 Re2 36. Bf3 Rf2 37. Rd1 Rxc2 38. Re1 Bf2 39. Re8+ Kh7 40. Rh8# 1-0

[Event "Nova Gorica op-B 14th"]
[Site "Nova Gorica"]
[Date "2009.02.05"]
[Round "6"]
[White "Banevec, Jernej"]
[Black "Sambo, Pietro"]
[Result "0-1"]
[WhiteElo "1519"]
[BlackElo "1631"]
[PlyCount "106"]
[EventDate "2009.01.31"]
[EventType "swiss"]
[EventRounds "9"]
[EventCountry "SLO"]
[SourceTitle "EXT 2011"]
[Source "ChessBase"]
[SourceDate "2010.11.26"]
[SourceVersion "1"]
[SourceVersionDate "2010.11.26"]
[SourceQuality "1"]

1. e4 c6 2. Nf3 d5 3. exd5 cxd5 4. Bb5+ Bd7 5. Nc3 e6 6. 0-0 Nf6 7. Re1 Be7 8. d3 0-0 9. Bf4 Bb4 10. Bxd7 Nbxd7 11. Rb1 Qa5 12. Qd2 Nh5 13. Bg3 Nxg3 14. hxg3 Rac8 15. a3 Bxc3 16. bxc3 b6 17. c4 Qxd2 18. Nxd2 dxc4 19. Nxc4 Rc5 20. Re2 Nf6 21. Rb3 Rfc8 22. a4 g6 23. Rb5 Nd5 24. Rb3 Ne7 25. Rb5 Nf5 26. Rxc5 Rxc5 27. Re5 Rc7 28. Re4 Rc6 29. g4 Ne7 30. g5 Nd5 31. Re5 Nc3 32. a5 b5 33. Na3 a6 34. Kf1 Nd5 35. Re4 Rc3 36. Nb1 Rxc2 37. Re2 Rc1+ 38. Re1 Rxe1+ 39. Kxe1 Nf4 40. Kd2 Nxg2 41. Nc3 Nf4 42. Ke3 b4 43. Kxf4 bxc3 44. Ke3 f6 45. f4 fxg5 46. fxg5 h6 47. gxh6 Kh7 48. d4 Kxh6 49. Kd3 Kh5 50. Kxc3 g5 51. Kd2 Kh4 52. Ke2 Kg3 53. Ke3 g4 0-1

[Event "Nova Gorica op-B 14th"]
[Site "Nova Gorica"]
[Date "2009.02.03"]
[Round "5"]
[White "Stolfa, Rodolfo"]
[Black "Banevec, Jernej"]
[Result "1-0"]
[WhiteElo "1914"]
[BlackElo "1519"]
[PlyCount "38"]
[EventDate "2009.01.31"]
[EventType "swiss"]
[EventRounds "9"]
[EventCountry "SLO"]
[SourceTitle "EXT 2011"]
[Source "ChessBase"]
[SourceDate "2010.11.26"]
[SourceVersion "1"]
[SourceVersionDate "2010.11.26"]
[SourceQuality "1"]

1. d4 d5 2. c4 e6 3. Nf3 Nf6 4. Bg5 Be7 5. e3 Nbd7 6. Nc3 0-0 7. Bd3 b6 8. 0-0 Bb7 9. Qe2 c5 10. cxd5 Nxd5 11. Bxe7 Qxe7 12. Rac1 Rfd8 13. Ba6 Bxa6 14. Qxa6 cxd4 15. Nxd4 Nc5 16. Qc4 h6 17. Nc6 Qd7 18. Nxd8 Rxd8 19. Rcd1 Qb7 1-0

[Event "Nova Gorica op-B 14th"]
[Site "Nova Gorica"]
[Date "2009.01.31"]
[Round "2"]
[White "Cokan, Mirko"]
[Black "Banevec, Jernej"]
[Result "1-0"]
[WhiteElo "1886"]
[BlackElo "1519"]
[PlyCount "105"]
[EventDate "2009.01.31"]
[EventType "swiss"]
[EventRounds "9"]
[EventCountry "SLO"]
[SourceTitle "EXT 2011"]
[Source "ChessBase"]
[SourceDate "2010.11.26"]
[SourceVersion "1"]
[SourceVersionDate "2010.11.26"]
[SourceQuality "1"]

1. e4 d5 2. exd5 Qxd5 3. Nc3 Qa5 4. d4 Nf6 5. Nf3 Bf5 6. Bd2 c6 7. Bc4 e6 8. 0-0 Qc7 9. Re1 Bd6 10. Bg5 Nbd7 11. h3 0-0 12. Bd3 Bxd3 13. Qxd3 h6 14. Bxf6 Nxf6 15. Ne4 Nxe4 16. Rxe4 Rfd8 17. Qe2 Qb6 18. c4 c5 19. Rd1 cxd4 20. Rexd4 Bc5 21. R4d2 Rxd2 22. Rxd2 Rd8 23. b3 Rxd2 24. Nxd2 Qd6 25. Nf3 Bb4 26. Ne5 Qd2 27. Qxd2 Bxd2 28. Kf1 Bb4 29. Ke2 f6 30. Nd3 Bc3 31. Nc5 Kf7 32. Nxb7 Ke7 33. Nc5 Bd4 34. Nd3 a5 35. f3 e5 36. a3 Kd6 37. Ne1 Kc5 38. Nc2 a4 39. bxa4 Kxc4 40. Nxd4 Kxd4 41. a5 Kc5 42. Kd3 Kb5 43. a6 Kxa6 44. Ke4 Kb5 45. f4 exf4 46. Kf5 Kc4 47. Kg6 Kd3 48. Kxg7 Ke3 49. Kxf6 Kf2 50. Kf5 Kxg2 51. Kxf4 Kxh3 52. a4 h5 53. a5 1-0

[Event "SLO-ch U12"]
[Site "Postojna"]
[Date "2008.02.28"]
[Round "7"]
[White "Laposi, Andrej"]
[Black "Banevec, Jernej"]
[Result "1-0"]
[WhiteElo "1554"]
[BlackElo "1500"]
[PlyCount "54"]
[EventDate "2008.02.24"]
[EventType "swiss"]
[EventRounds "9"]
[EventCountry "SLO"]
[SourceTitle "EXT 2010"]
[Source "ChessBase"]
[SourceDate "2010.11.25"]
[SourceVersion "1"]
[SourceVersionDate "2010.11.25"]
[SourceQuality "1"]

1. e4 d5 2. exd5 Qxd5 3. Nc3 Qa5 4. d4 Nf6 5. Nf3 Bg4 6. h3 Bh5 7. g4 Bg6 8. Ne5 c6 9. Bg2 e6 10. Bd2 Qc7 11. Bf4 Bd6 12. Qe2 0-0 13. h4 h5 14. f3 Nbd7 15. Nxg6 fxg6 16. Qxe6+ Kh7 17. Qxd6 Qxd6 18. Bxd6 Rfe8+ 19. Kd2 hxg4 20. fxg4 Nxg4 21. h5 Ndf6 22. hxg6+ Kxg6 23. Rae1 Rad8 24. Rxe8 Nxe8 25. Be4+ Kf7 26. Rg1 Nef6 27. Bf3 Nh2 1-0

[Event "SLO-ch U12"]
[Site "Murska Sobota"]
[Date "2007.03.01"]
[Round "7"]
[White "Skvorc, Ziga"]
[Black "Banevec, Jernej"]
[Result "1-0"]
[WhiteElo "1522"]
[BlackElo "1517"]
[PlyCount "69"]
[EventDate "2007.02.25"]
[EventType "swiss"]
[EventRounds "9"]
[EventCountry "SLO"]
[SourceTitle "CBM 117 Extra"]
[Source "ChessBase"]
[SourceDate "2007.05.09"]
[SourceVersion "1"]
[SourceVersionDate "2007.05.09"]
[SourceQuality "1"]

1. e4 e5 2. Nf3 Nc6 3. d4 exd4 4. Nxd4 Bc5 5. Be3 Bb6 6. Nc3 Nf6 7. Nxc6 bxc6 8. Bg5 d6 9. Bc4 Bxf2+ 10. Kxf2 Ng4+ 11. Qxg4 Bxg4 12. Bxd8 Rxd8 13. Rhf1 0-0 14. Kg1 Rb8 15. Bb3 Rbe8 16. Ba4 Rb8 17. b3 Rb6 18. Rfe1 Re8 19. Nd5 Rbb8 20. Bxc6 Re6 21. Nxc7 Re7 22. Nd5 Re5 23. c4 Rg5 24. Re3 h6 25. Rae1 Rd8 26. e5 dxe5 27. Rxe5 Rd6 28. Rxg5 hxg5 29. Ba4 f5 30. h3 Bh5 31. Ne7+ Kf7 32. Nxf5 Rd1 33. Rxd1 Bxd1 34. c5 Kf6 35. c6 1-0

[Event "SLO-ch U12"]
[Site "Murska Sobota"]
[Date "2007.02.27"]
[Round "5"]
[White "Abe, Blaz"]
[Black "Banevec, Jernej"]
[Result "0-1"]
[WhiteElo "1556"]
[BlackElo "1517"]
[PlyCount "56"]
[EventDate "2007.02.25"]
[EventType "swiss"]
[EventRounds "9"]
[EventCountry "SLO"]
[SourceTitle "CBM 117 Extra"]
[Source "ChessBase"]
[SourceDate "2007.05.09"]
[SourceVersion "1"]
[SourceVersionDate "2007.05.09"]
[SourceQuality "1"]

1. e4 e5 2. Nf3 Nc6 3. Bc4 Bc5 4. Nc3 Nf6 5. d3 h6 6. Be3 Bb6 7. 0-0 d6 8. h3 0-0 9. Qd2 Be6 10. Nd5 Bxd5 11. Bxd5 Nxd5 12. exd5 Ne7 13. c4 c6 14. dxc6 Nxc6 15. d4 e4 16. Nh2 Re8 17. Rfd1 Qc7 18. Qc2 Qe7 19. a3 Qf6 20. Ng4 Qg6 21. d5 Ne7 22. Bxb6 axb6 23. Ne3 f5 24. f3 f4 25. Ng4 h5 26. Nh2 Nf5 27. fxe4 Ne3 28. Qd3 Qxg2# 0-1

[Event "SLO-ch U12"]
[Site "Murska Sobota"]
[Date "2007.02.27"]
[Round "4"]
[White "Banevec, Jernej"]
[Black "Pregelj, Maj"]
[Result "1-0"]
[WhiteElo "1517"]
[BlackElo "1540"]
[PlyCount "61"]
[EventDate "2007.02.25"]
[EventType "swiss"]
[EventRounds "9"]
[EventCountry "SLO"]
[SourceTitle "CBM 117 Extra"]
[Source "ChessBase"]
[SourceDate "2007.05.09"]
[SourceVersion "1"]
[SourceVersionDate "2007.05.09"]
[SourceQuality "1"]

1. e4 e5 2. Nf3 Nc6 3. Bc4 Bc5 4. c3 Nf6 5. d4 exd4 6. cxd4 Bb6 7. Nc3 d6 8. 0-0 0-0 9. h3 Qe7 10. Re1 Re8 11. Bg5 Bd7 12. e5 dxe5 13. dxe5 Bxf2+ 14. Kxf2 Qc5+ 15. Be3 Qxc4 16. exf6 Bf5 17. Qd5 Qxd5 18. Nxd5 Rac8 19. Bf4 Rxe1 20. Rxe1 gxf6 21. Nxf6+ Kg7 22. Ne8+ Kg8 23. Bh6 Bg6 24. Nf6+ Kh8 25. g4 Rd8 26. h4 a5 27. h5 Nb4 28. Kg3 Bxh5 29. gxh5 c6 30. Ne5 Rd3+ 31. Nxd3 1-0

[Event "SLO-ch U12"]
[Site "Murska Sobota"]
[Date "2007.02.26"]
[Round "3"]
[White "Banevec, Jernej"]
[Black "Hiti, Domen"]
[Result "0-1"]
[WhiteElo "1517"]
[BlackElo "1739"]
[PlyCount "28"]
[EventDate "2007.02.25"]
[EventType "swiss"]
[EventRounds "9"]
[EventCountry "SLO"]
[SourceTitle "CBM 117 Extra"]
[Source "ChessBase"]
[SourceDate "2007.05.09"]
[SourceVersion "1"]
[SourceVersionDate "2007.05.09"]
[SourceQuality "1"]

1. e4 e6 2. d4 d5 3. exd5 exd5 4. Bd3 Bd6 5. Nf3 Nf6 6. 0-0 0-0 7. Bg5 h6 8. Bxf6 Qxf6 9. Re1 Bg4 10. h3 Bxf3 11. Qxf3 Qxd4 12. Nc3 c6 13. Qe3 Qxe3 14. Rxe3 d4 0-1

[Event "SLO-ch U10"]
[Site "Murska Sobota"]
[Date "2006.03.01"]
[Round "5"]
[White "Banevec, Jernej"]
[Black "Karic, Amir"]
[Result "1-0"]
[WhiteElo "1500"]
[BlackElo "1500"]
[PlyCount "117"]
[EventDate "2006.02.26"]
[EventType "swiss"]
[EventRounds "9"]
[EventCountry "SLO"]
[SourceTitle "EXT 2009"]
[Source "ChessBase"]
[SourceDate "2008.11.26"]
[SourceVersion "1"]
[SourceVersionDate "2008.11.26"]
[SourceQuality "1"]

1. e4 e5 2. Nf3 Nc6 3. Bc4 Nf6 4. Nc3 h6 5. d4 exd4 6. Nxd4 Nxd4 7. Qxd4 Bb4 8. e5 Bxc3+ 9. bxc3 Nh7 10. Qe4 Ng5 11. Bxg5 Qxg5 12. Qf3 Qxe5+ 13. Be2 0-0 14. 0-0 d6 15. Rfe1 Qg5 16. Bd3 d5 17. c4 c6 18. cxd5 cxd5 19. Rab1 b6 20. Rb5 Bb7 21. Qf5 Qxf5 22. Bxf5 Bc6 23. Rb3 Rad8 24. Rc3 Bd7 25. Bxd7 Rxd7 26. g3 d4 27. Rd3 a5 28. c3 Rfd8 29. Red1 Kf8 30. cxd4 Ke7 31. Re3+ Kd6 32. Rc1 Kd5 33. f3 Kxd4 34. Re4+ Kd5 35. Kf2 Rd6 36. h4 Rc6 37. Rd1+ Kc5 38. Rxd8 b5 39. Re2 Kb4 40. Rd4+ Kc3 41. Rdd2 Rb6 42. Rc2+ Kb4 43. Re4+ Ka3 44. Rc3+ Kb2 45. Rb3+ Kxa2 46. Rd3 Rc6 47. Re2+ Kb1 48. Rdd2 a4 49. Rb2+ Kc1 50. Ra2 Kb1 51. Rab2+ Kc1 52. Rxb5 Rc4 53. Rbe5 Kb1 54. R5e3 f6 55. Ke1 Rd4 56. Ra3 g6 57. Re4 Kb2 58. Rxa4 Rxe4+ 59. Rxe4 1-0

[Event "SLO-ch U10"]
[Site "Murska Sobota"]
[Date "2006.03.01"]
[Round "6"]
[White "Banevec, Jernej"]
[Black "Markoja, Sebastijan"]
[Result "1/2-1/2"]
[WhiteElo "1500"]
[BlackElo "1638"]
[PlyCount "81"]
[EventDate "2006.02.26"]
[EventType "swiss"]
[EventRounds "9"]
[EventCountry "SLO"]
[SourceTitle "EXT 2009"]
[Source "ChessBase"]
[SourceDate "2008.11.26"]
[SourceVersion "1"]
[SourceVersionDate "2008.11.26"]
[SourceQuality "1"]

1. e4 e5 2. Nf3 Nf6 3. Nc3 Nc6 4. Bc4 Nxe4 5. Nxe4 d5 6. Bd3 dxe4 7. Bxe4 Bd6 8. Bd5 0-0 9. 0-0 Re8 10. Re1 Be6 11. Bxc6 bxc6 12. Nxe5 Bxe5 13. Rxe5 Bd5 14. Qe2 Rxe5 15. Qxe5 Qe8 16. Qxe8+ Rxe8 17. Kf1 f6 18. d3 Kf7 19. Bf4 Re7 20. c4 Be6 21. Re1 Rd7 22. Rd1 Bf5 23. d4 Be6 24. c5 Bxa2 25. f3 Bc4+ 26. Kf2 a6 27. g4 Bb5 28. b3 g5 29. Bg3 Kg6 30. h4 h6 31. h5+ Kf7 32. f4 Kg8 33. f5 Kf7 34. Rd2 Re7 35. Kf3 Ke8 36. Kf2 Rd7 37. Rd1 Kf7 38. Rd2 a5 39. Kf3 Re7 40. Bf2 Rd7 41. Ra2 1/2-1/2

[Event "SLO-ch U10"]
[Site "Murska Sobota"]
[Date "2006.02.27"]
[Round "4"]
[White "Skvarca, Anze"]
[Black "Banevec, Jernej"]
[Result "0-1"]
[WhiteElo "1500"]
[BlackElo "1500"]
[PlyCount "58"]
[EventDate "2006.02.26"]
[EventType "swiss"]
[EventRounds "9"]
[EventCountry "SLO"]
[SourceTitle "EXT 2009"]
[Source "ChessBase"]
[SourceDate "2008.11.26"]
[SourceVersion "1"]
[SourceVersionDate "2008.11.26"]
[SourceQuality "1"]

1. e4 e5 2. Nf3 Nc6 3. Bc4 Bc5 4. Nc3 Nf6 5. 0-0 0-0 6. d3 d6 7. h3 Be6 8. Bb5 a6 9. Bxc6 bxc6 10. d4 exd4 11. Nxd4 Re8 12. Nxc6 Qd7 13. Nd4 c6 14. Be3 Bc4 15. Re1 Bb4 16. Qd2 Nxe4 17. Qc1 Nxc3 18. Bd2 Nxa2 19. Rxa2 Bxd2 20. Qxd2 Bxa2 21. b3 Rxe1+ 22. Qxe1 c5 23. Ne2 Re8 24. Qd1 Qe7 25. Kf1 c4 26. Nc3 cxb3 27. cxb3 Bxb3 28. Qe2 Qxe2+ 29. Nxe2 Bc4 0-1

[Event "SLO-ch U10"]
[Site "Murska Sobota"]
[Date "2006.02.26"]
[Round "1"]
[White "Banevec, Jernej"]
[Black "Udovc, Tomaz"]
[Result "1-0"]
[WhiteElo "1500"]
[BlackElo "1500"]
[PlyCount "57"]
[EventDate "2006.02.26"]
[EventType "swiss"]
[EventRounds "9"]
[EventCountry "SLO"]
[SourceTitle "EXT 2009"]
[Source "ChessBase"]
[SourceDate "2008.11.26"]
[SourceVersion "1"]
[SourceVersionDate "2008.11.26"]
[SourceQuality "1"]

1. e4 e5 2. Nf3 Nf6 3. Nc3 Bd6 4. Bc4 0-0 5. 0-0 Ng4 6. h3 Nf6 7. Re1 c6 8. a3 b5 9. Ba2 b4 10. axb4 Bxb4 11. d3 d5 12. exd5 Nxd5 13. Bd2 Nxc3 14. bxc3 Bd6 15. Nxe5 Re8 16. Bxf7+ Kh8 17. Bxe8 Qxe8 18. Nc4 Qg6 19. Qf3 Nd7 20. Nxd6 h5 21. Re8+ Kh7 22. Nf7 Qxf7 23. Qxf7 Nf6 24. Rg8 Nxg8 25. Qxh5+ Nh6 26. Bxh6 gxh6 27. Qf7+ Kh8 28. Rxa7 Rb8 29. Qh7# 1-0